000
00244nam a2200121Ia 4500
100
_a
Peter Stavroulakis
942
_c
RB
654
_a
wireless
245
_a
Wireless local loops
260
_b
Wiley
_c
2001
300
_a
289
546
_a
ENGLISH
999
_c
34373
_d
34373